| 000 | 00736nam a2200217Ii 4500 | ||
|---|---|---|---|
| 001 | 4878 | ||
| 003 | CO-ViMGA | ||
| 008 | 241108s9999||||xx |||||||||||||| ||und|| | ||
| 020 | _a95891870408 | ||
| 040 |
_aCO-ViMGA _bspa _erda _cCO-ViMGA |
||
| 041 | 0 | _aunk | |
| 082 | 0 | 4 | _a657.48 T865c |
| 100 | 1 |
_aJosé Israel Trujillo del Castillo _955532 |
|
| 245 | 1 | 0 |
_aCorreción monetaria de Estados financieros : _bcontabilidad de los ajustes integrales por inflación |
| 264 | 1 | _a[Lugar de publicación no identificado] : Talleres gráficos Feriva, 1991 | |
| 300 | _avolumen | ||
| 336 |
_atext _btxt _2rdacontent |
||
| 337 |
_aunmediated _bn _2rdamedia |
||
| 338 |
_avolume _bnc _2rdacarrier |
||
| 940 | _aidficha_siabuc: 4752. -- ficha_no_siabuc:4878 | ||
| 999 |
_c53114 _d53114 |
||